Gracia y el forastero

Saved in:
Bibliografiske detaljer
Hovedforfatter: Blanco, Guillermo (Author)
Format: Bog
Sprog:spansk
Udgivet: Santiago Zig-Zag 1991
Udgivelse:31a. ed
Serier:Clásicos Escolares selectos Zig-Zag
Fag:
Tags: Tilføj Tag
Ingen Tags, Vær først til at tagge denne postø!

MARC

LEADER 00000nam a2200000 a 4500
001 UCH4042
003 CL-VaPUC
008 090818e19910000CL |||||||||||||||||spa|d
082 0 4 |a Ch863  |b BLA  |2 21 
100 0 |a Blanco, Guillermo  |e author  |9 518527 
245 1 0 |a Gracia y el forastero 
250 |a 31a. ed 
300 |a 159 p 
942 |c BK 
945 |d 20090818 00:00:00  |a lazolas 
260 |a Santiago  |b Zig-Zag  |c 1991 
650 0 |a Novelas chilenas   |9 265425 
583 |a last modification  |c 20090818 00:00:00  |k Rodrigo Vera 
490 0 |a Clásicos Escolares selectos Zig-Zag 
999 |c 335396  |d 335394